| 000 | 01064nam a2200193 a 4500 | ||
|---|---|---|---|
| 008 | 130823s2009 ||||||||||||||||| || u | ||
| 020 | _a9780470442548 | ||
| 050 | _aT 385 KEN | ||
| 100 | _aKent, Lynette | ||
| 245 | 1 | 0 |
_aPhotoshop CS4 Top 100 simplified tips and tricks _cby Lynette Kent |
| 260 |
_aIndianapolis: _bJohn Wiley and Sons _c2009 |
||
| 300 | _ax, 278p.: ill. | ||
| 650 | 0 | _aCOMPUTER GRAPHICS | |
| 650 | _aADOBE PHOTOSHOP | ||
| 995 |
_aANNEX COLLECTION (Main Library) _e744306 _FCBU-MAIN LIBRARY (Kitwe) _jT 385 KEN _M2 _UAVAILABLE _WSep 25, 2013 _y744306 _ZAnnex Low-Usage Collection |
||
| 995 |
_aMAIN LIBRARY OPEN ACCESS _e744307 _FCBU-MAIN LIBRARY (Kitwe) _jT 385 KEN _M3 _UAVAILABLE _WSep 25, 2013 _y744307 _ZMain Library Open Access Collection |
||
| 995 |
_aMAIN LIBRARY OPEN ACCESS _e744305 _FCBU-MAIN LIBRARY (Kitwe) _jT 385 KEN _M1 _UAVAILABLE _WSep 25, 2013 _y744305 _ZMain Library Open Access Collection |
||
| 995 |
_aANNEX COLLECTION (Main Library) _e744308 _FCBU-MAIN LIBRARY (Kitwe) _jT 385 KEN _M4 _UAVAILABLE _WSep 25, 2013 _y744308 _ZAnnex Low-Usage Collection |
||
| 999 |
_c81882 _d81882 |
||